Supplement to CDS/ISIS reference manual (Record no. 59121)

MARC details
000 -LEADER
fixed length control field 00772nam a2200181 a 4500
008 - FIXED-LENGTH DATA ELEMENTS--GENERAL INFORMATION
fixed length control field 060711s1993 ||||||||||||||||| || u
050 ## - LIBRARY OF CONGRESS CALL NUMBER
Classification number ZED(02)
100 ## - MAIN ENTRY--PERSONAL NAME
Personal name Ornager, Susanne
245 10 - TITLE STATEMENT
Title Supplement to CDS/ISIS reference manual
Statement of responsibility, etc. by Susanne Ornager
246 ## - VARYING FORM OF TITLE
Title proper/short title CDS/ISIS version 3.0
260 ## - PUBLICATION, DISTRIBUTION, ETC.
Place of publication, distribution, etc. Bonn
Name of publisher, distributor, etc. Education, Science and Documentation Centre(ZED)
Date of publication, distribution, etc. 1993
300 ## - PHYSICAL DESCRIPTION
Extent ii;136p.; ill.
350 ## - PRICE (NR) (BK AM CF MU VM SE) [OBSOLETE]
Price 0.00
500 ## - GENERAL NOTE
General note incorporating a beginners guide to CDS/ISIS
650 ## - SUBJECT ADDED ENTRY--TOPICAL TERM
Topical term or geographic name entry element INFORMATION STORAGE AND RETRIEVAL SYSTEMS--GEOGRAPHY
650 ## - SUBJECT ADDED ENTRY--TOPICAL TERM
Topical term or geographic name entry element Integrated library systems (Computer systems)
995 ## - RECOMMENDATION 995 [LOCAL, UNIMARC FRANCE]
-- 0.00
-- CBU-MAIN LIBRARY (Kitwe)
-- 1
-- 0.00
-- 1
-- AVAILABLE
-- Jul 11, 2006
-- International Publications
Holdings
Withdrawn status Lost status Source of classification or shelving scheme Damaged status Not for loan Home library Current library Shelving location Date acquired Total Checkouts Full call number Barcode Date last seen Price effective from Koha item type
          CBU-MAIN LIBRARY, KITWE. CBU-MAIN LIBRARY, KITWE.   11/30/2022   ZED(02) Z03000657 11/30/2022 11/30/2022 MONOGRAPH